[Event "Titled Tue 3rd Jun Early"]
[Site "chess.com INT"]
[Date "2025.06.03"]
[Round "9"]
[White "Hayrapetyan, Artavazd R."]
[Black "Mitrabha, Guha"]
[Result "0-1"]
[WhiteTitle "FM"]
[BlackTitle "GM"]
[WhiteElo "2350"]
[BlackElo "2515"]
[WhiteFideId "13304240"]
[BlackFideId "5057000"]
[EventDate "2025.06.03"]

1. d4 Nf6 2. Bf4 b6 3. e3 Bb7 4. Nf3 g6 5. h3 Bg7 6. c3 O-O 7. Nbd2 d6 8. a4 a6
9. Bh2 Nbd7 10. Bc4 c5 11. O-O Ne4 12. Nxe4 Bxe4 13. Qe2 Qc8 14. Rfd1 Qb7 15.
Bd3 Bxd3 16. Qxd3 b5 17. b4 cxb4 18. cxb4 Rfc8 19. Bg3 Nf6 20. axb5 axb5 21. Ra5
Rc4 22. Rda1 Rxa5 23. bxa5 Qa6 24. Nd2 Rc8 25. Nb3 Nd5 26. Qe4 e6 27. Qb1 h6 28.
Nd2 f5 29. Qb3 Kh7 30. e4 Bxd4 31. Re1 Rc3 32. Qa2 fxe4 33. Nxe4 Rd3 34. Bxd6 b4
35. Nc5 Bxc5 36. Bxc5 b3 37. Qe2 Nf4 38. Qe4 Qxa5 39. Bb4 Qf5 40. Qb7+ Kg8 41.
Ra1 Rd8 42. Bc3 Qf7 43. Qxb3 Ne2+ 44. Kh2 Qc7+ 45. Kh1 Nxc3 0-1

[Event "Titled Tue 3rd Jun Early"]
[Site "chess.com INT"]
[Date "2025.06.03"]
[Round "9"]
[White "Le, Tuan Minh"]
[Black "Sklokin, Sergey"]
[Result "1-0"]
[WhiteTitle "GM"]
[BlackTitle "FM"]
[WhiteElo "2598"]
[BlackElo "2311"]
[WhiteFideId "12401153"]
[BlackFideId "55730230"]
[EventDate "2025.06.03"]

1. d4 Nf6 2. Nf3 g6 3. Bg5 d5 4. Bxf6 exf6 5. e3 Bg7 6. c4 c6 7. Nc3 dxc4 8.
Bxc4 O-O 9. O-O Nd7 10. Rc1 f5 11. h3 Nf6 12. Qc2 Qe7 13. Rfd1 Be6 14. Bxe6 Qxe6
15. b4 Rfd8 16. a4 Rac8 17. b5 cxb5 18. axb5 Nd5 19. Qb2 Nxc3 20. Rxc3 Rxc3 21.
Qxc3 Qb6 22. Qc4 Bf6 23. g3 Kg7 24. Ne1 Rd7 25. Nd3 Rc7 26. Qd5 Rc3 27. Nf4 a6
28. Rb1 a5 29. Qd7 Rc2 30. h4 h5 31. Ra1 Bd8 32. d5 Rc7 33. Ne6+ Qxe6 34. dxe6
Rxd7 35. exd7 Kf6 36. Rd1 Ke7 37. Rd5 Bc7 38. Kf1 b6 39. Ke2 Kd8 40. Kd3 Bb8 41.
Kc4 Bc7 42. Kd4 Ke7 43. e4 fxe4 44. Kxe4 Kd8 45. Rd3 Ke7 46. Kf3 Kd8 47. g4
hxg4+ 48. Kxg4 Be5 49. f4 Bb2 50. Rd6 a4 51. Rxb6 a3 52. Ra6 Kxd7 53. f5 Kc7 54.
fxg6 fxg6 55. Kg5 Kb7 56. Kxg6 Kc7 57. h5 1-0

[Event "Titled Tue 3rd Jun Early"]
[Site "chess.com INT"]
[Date "2025.06.03"]
[Round "9"]
[White "Golubovic, Erik"]
[Black "Alfaro, William"]
[Result "0-1"]
[WhiteTitle "CM"]
[BlackTitle "FM"]
[WhiteElo "2184"]
[BlackElo "2077"]
[WhiteFideId "14586908"]
[BlackFideId "6100457"]
[EventDate "2025.06.03"]

1. d4 d5 2. c4 e6 3. Nf3 Nf6 4. g3 c5 5. cxd5 exd5 6. Bg2 Nc6 7. O-O Be7 8. Nc3
O-O 9. Bg5 c4 10. e3 Be6 11. Nd2 Rc8 12. b3 Na5 13. bxc4 Nxc4 14. Nxc4 Rxc4 15.
Qb3 Rb4 16. Qc2 Qa5 17. Bxf6 Bxf6 18. Ne2 Rc8 19. Qd2 Qa4 20. Nf4 Qb5 21. Rac1
Rxc1 22. Rxc1 Rb1 23. Bf1 Rxc1 24. Qxc1 Qd7 25. Bg2 Bg5 26. Nd3 Be7 27. Qb2 Bd6
28. h4 b6 29. Qb3 Qc6 30. Bf3 Qc4 31. Ne5 Qxb3 32. axb3 Bxe5 33. dxe5 d4 34.
exd4 Bxb3 35. d5 Kf8 36. d6 Ke8 37. Bc6+ Kd8 38. f4 Be6 39. Kf2 Bd7 40. Bd5 Be6
41. Be4 b5 42. Ke3 a5 43. Kd4 b4 44. Kd3 a4 45. Kc2 a3 46. Kb1 b3 47. Bd3 Kd7
48. f5 Bd5 49. Bb5+ Bc6 50. Bxc6+ Kxc6 51. g4 f6 52. exf6 gxf6 53. g5 Kxd6 54.
g6 hxg6 55. fxg6 Ke7 56. h5 Kf8 57. h6 Kg8 58. g7 Kh7 59. Kc1 f5 60. Kd2 b2 61.
Ke3 b1=Q 62. Kf4 Qe4+ 0-1

[Event "Titled Tue 3rd Jun Early"]
[Site "chess.com INT"]
[Date "2025.06.03"]
[Round "9"]
[White "El Zein, Zayne-Eddine"]
[Black "Gattani, Sarthak"]
[Result "1-0"]
[WhiteTitle "CM"]
[WhiteElo "2146"]
[BlackElo "1869"]
[WhiteFideId "5313210"]
[BlackFideId "30995965"]
[EventDate "2025.06.03"]

1. f4 d5 2. Nf3 c5 3. e3 Nc6 4. b3 Nf6 5. Bb2 g6 6. Bb5 Bg7 7. Ne5 Bd7 8. Nxc6
Bxc6 9. Bxc6+ bxc6 10. O-O O-O 11. Nc3 Rb8 12. Na4 c4 13. Bd4 cxb3 14. axb3 a5
15. Ra2 Nd7 16. Bxg7 Kxg7 17. Qa1+ f6 18. f5 Ne5 19. Nc5 Qd6 20. Ne6+ Kf7 21.
Nxf8 Rxf8 22. Rxa5 gxf5 23. Rxf5 Ng4 24. Rf4 Rg8 25. h3 Ne5 26. d4 Ng6 27. Rf2
Nh4 28. Qd1 Rg5 29. Kh1 Qg3 30. Qe2 Nf5 31. e4 Qc7 32. exf5 Qxa5 33. Qe6+ Kf8
34. Re2 Qc7 35. c4 dxc4 36. bxc4 Qd8 37. d5 c5 38. Ra2 Qd6 39. Ra8+ Kg7 40. Rg8+
Kh6 41. Rxg5 Kxg5 42. Qg8+ Kxf5 43. Qxh7+ Ke5 44. Qd3 Qa6 45. Qe3+ Kf5 46. g4+
Kg6 47. Qe4+ Kf7 48. Qh7+ Ke8 49. Qg8+ Kd7 50. Qg6 Qxc4 51. Qf5+ Kd6 52. Qe6+
Kc7 53. Qxe7+ Kb6 54. Qd6+ Kb5 55. Qc6+ Kb4 56. d6 Qf1+ 57. Kh2 Qf2+ 58. Qg2
Qf4+ 59. Qg3 Qd2+ 60. Kg1 Qd1+ 61. Kf2 Qd2+ 62. Kf1 Qd1+ 63. Qe1+ Qxe1+ 64. Kxe1
c4 65. d7 c3 66. Kd1 Kb3 67. Kc1 c2 68. d8=Q Kc3 69. Qc8+ Kb3 70. Qxc2+ Kb4 71.
Qf5 1-0

[Event "Titled Tue 3rd Jun Early"]
[Site "chess.com INT"]
[Date "2025.06.03"]
[Round "9"]
[White "Barwinska, Ewa"]
[Black "Piddubna, Bozhena"]
[Result "0-1"]
[WhiteTitle "WFM"]
[BlackTitle "WFM"]
[WhiteElo "2014"]
[BlackElo "2174"]
[WhiteFideId "21833761"]
[BlackFideId "34109293"]
[EventDate "2025.06.03"]

1. e4 e5 2. Nf3 Nc6 3. Bb5 a6 4. Ba4 Nf6 5. O-O Be7 6. Re1 b5 7. Bb3 d6 8. c3
Na5 9. Bc2 c5 10. d4 exd4 11. cxd4 Bg4 12. d5 Nc4 13. b3 Ne5 14. Nbd2 Nfd7 15.
Bb2 Bf6 16. Bxe5 Nxe5 17. Rb1 O-O 18. h3 Bh5 19. Qe2 Re8 20. Qe3 Qd7 21. Nxe5
Bxe5 22. Nf3 Bf6 23. Qd3 Bg6 24. Nh2 Bd4 25. Nf3 Bf6 26. Nh2 c4 27. bxc4 bxc4
28. Qxc4 Rec8 29. Qa4 Qa7 30. Ng4 Bc3 31. Rec1 h5 32. Nh2 Bd4 33. Rf1 Rc7 34.
Nf3 Bf6 35. Bd3 Rc3 36. Rfd1 h4 37. Rbc1 Rc5 38. Rxc5 Qxc5 39. Qc6 Rc8 40. Qxa6
Bh5 41. Be2 Rb8 42. Qc6 Qb4 43. Rd3 Qxe4 44. Re3 Qb1+ 45. Kh2 Bxf3 46. Bxf3 Be5+
47. Rxe5 dxe5 48. d6 Qb6 49. Qd7 Rd8 50. Qf5 Qxd6 51. Be4 g6 52. Qg5 Rb8 53.
Qxh4 Qd4 54. f3 Rb1 55. Qf6 Qg1+ 56. Kg3 Rb6 57. Qd8+ Kg7 58. h4 Qd4 59. Kh3
Qxd8 0-1

[Event "Titled Tue 3rd Jun Early"]
[Site "chess.com INT"]
[Date "2025.06.03"]
[Round "9"]
[White "Tica, Sven"]
[Black "Hernandez Izquierdo, Jose A."]
[Result "1-0"]
[WhiteTitle "IM"]
[BlackTitle "IM"]
[WhiteElo "2429"]
[BlackElo "2223"]
[WhiteFideId "14526948"]
[BlackFideId "3527263"]
[EventDate "2025.06.03"]

1. Nf3 f5 2. d3 d6 3. e4 e5 4. exf5 Ne7 5. f6 gxf6 6. d4 Bg4 7. Bc4 e4 8. Ne5
fxe5 9. Qxg4 d5 10. Qh5+ Ng6 11. Bg5 Qd6 12. Nc3 dxc4 13. O-O-O Be7 14. Nxe4
Bxg5+ 15. Qxg5 Qe7 16. Qf5 Rf8 17. Qc8+ Kf7 18. Qxb7 Nd7 19. Qxc7 exd4 20. Rxd4
Nde5 21. Qa5 Rad8 22. Rhd1 Rxd4 23. Rxd4 Kg8 24. g3 Kg7 25. Qd5 Nf3 26. Rxc4 Re8
27. b3 Nfe5 28. Rc3 Nf7 29. Nc5 Qe1+ 30. Kb2 Qxf2 31. Ne6+ Kg8 32. Ng5 Qf6 33.
Nxf7 Qxf7 34. Qxf7+ Kxf7 35. a4 Re7 36. b4 Ne5 37. Kb3 Ke6 38. Rc5 Kd6 39. a5 a6
40. Rc3 Rf7 41. Rc5 Rf3+ 42. c3 Nd3 43. Rc8 Nc1+ 44. Kc2 Ne2 45. Kd2 Ng1 46. Ra8
Rf2+ 47. Ke3 Re2+ 48. Kd3 Rxh2 49. Rxa6+ Kc7 50. b5 Nf3 51. Ra7+ Kd6 52. Ra6+
Kc5 53. b6 Ne5+ 54. Ke4 Re2+ 55. Kf5 Nc6 56. b7 Re8 57. Kg5 Rb8 58. Rb6 Nxa5 59.
Rb1 1-0

[Event "Titled Tue 3rd Jun Early"]
[Site "chess.com INT"]
[Date "2025.06.03"]
[Round "9"]
[White "Jake Shanty"]
[Black "Shevchenko, Yaroslav"]
[Result "0-1"]
[WhiteTitle "FM"]
[WhiteElo "2252"]
[BlackElo "2137"]
[WhiteFideId "33478066"]
[BlackFideId "34144684"]
[EventDate "2025.06.03"]

1. Nf3 d5 2. e3 Nf6 3. b3 Bf5 4. Bb2 e6 5. d4 c5 6. Nbd2 Nc6 7. Bd3 cxd4 8. Nxd4
Bxd3 9. cxd3 Nxd4 10. Bxd4 Bd6 11. O-O e5 12. Bb2 O-O 13. Qe2 Re8 14. Rfc1 Qd7
15. h3 Rac8 16. Nf3 e4 17. dxe4 dxe4 18. Nd2 Bb4 19. Nc4 Nd5 20. Rd1 Qe6 21.
Rac1 b5 22. Nd2 Bc3 23. Nb1 Bxb2 24. Qxb2 Rxc1 25. Rxc1 Nb4 26. Rc7 Nd3 27. Qd4
Qf5 28. Rc2 h5 29. Nc3 Rc8 30. Nd5 Re8 31. Ne7+ Rxe7 32. Qd8+ Kh7 33. Qxe7 a5
34. Rd2 b4 35. Qd6 h4 36. Qd4 Qg6 37. Qd5 f5 38. Re2 f4 39. exf4 Nxf4 40. Qxe4
Nxe2+ 41. Qxe2 Qb1+ 42. Kh2 Qf5 43. Qg4 Qe5+ 44. f4 Qe1 45. Qh5+ Kg8 46. Qg5 Kh8
47. Qg4 Qf2 48. Qf3 Qxf3 49. gxf3 Kh7 50. Kg2 Kg6 51. Kf2 Kf5 52. Ke3 g6 53. Ke2
Kxf4 54. Kf2 g5 55. Kg2 Ke3 56. f4 gxf4 0-1

[Event "Titled Tue 3rd Jun Early"]
[Site "chess.com INT"]
[Date "2025.06.03"]
[Round "9"]
[White "Drygalov, Sergey"]
[Black "Triapishko, Alexandr"]
[Result "1-0"]
[WhiteTitle "GM"]
[BlackTitle "IM"]
[WhiteElo "2560"]
[BlackElo "2459"]
[WhiteFideId "24171743"]
[BlackFideId "14122286"]
[EventDate "2025.06.03"]

1. d4 g6 2. c4 Bg7 3. Nf3 d6 4. Nc3 Bg4 5. g3 Bxf3 6. exf3 Nc6 7. Be3 e6 8. d5
exd5 9. cxd5 Ne5 10. Bb5+ Kf8 11. f4 Nd7 12. O-O Ne7 13. Bd3 c5 14. dxc6 bxc6
15. Rc1 d5 16. Na4 Bf6 17. Re1 Kg7 18. Bd2 h5 19. Bb4 Re8 20. Bxe7 Rxe7 21. Rxc6
Qa5 22. Rxe7 Bxe7 23. b3 Bf6 24. Kg2 Re8 25. Qc2 Qe1 26. Rc7 Re7 27. Qc1 Qxc1
28. Rxc1 Nb6 29. Nxb6 axb6 30. Rc6 Re6 31. Rc7 Re7 32. Rc1 Bd4 33. a4 Bc5 34. a5
Ra7 35. a6 Kf6 36. Re1 Bd6 37. Bb5 Bc5 38. Kf3 Rc7 39. Ra1 Ra7 40. h3 Ke6 41.
Re1+ Kd6 42. Re8 Bb4 43. g4 Kc5 44. Be2 hxg4+ 45. hxg4 Ba5 46. Rc8+ Kb4 47. Rd8
Kxb3 48. Rxd5 Bb4 49. Rb5 Kc3 50. Rxb6 Bc5 51. Rb7 Rxb7 52. axb7 Ba7 53. Ke4 Bb8
54. f5 gxf5+ 55. Kxf5 Kd4 56. g5 Kd5 57. Bh5 Kc6 58. Bxf7 Kxb7 59. g6 1-0

[Event "Titled Tue 3rd Jun Early"]
[Site "chess.com INT"]
[Date "2025.06.03"]
[Round "9"]
[White "Tristan, Leonardo"]
[Black "Madaminov, Mukhiddin"]
[Result "0-1"]
[WhiteTitle "GM"]
[BlackTitle "GM"]
[WhiteElo "2536"]
[BlackElo "2520"]
[WhiteFideId "113816"]
[BlackFideId "14210703"]
[EventDate "2025.06.03"]

1. d4 Nf6 2. Nf3 g6 3. Bf4 Bg7 4. e3 O-O 5. Be2 c5 6. c3 cxd4 7. exd4 Qb6 8. Qb3
d6 9. Qxb6 axb6 10. Nbd2 Bd7 11. O-O b5 12. a3 Bc6 13. Rfe1 Nbd7 14. h3 Nb6 15.
Bd1 Rfe8 16. Bb3 h6 17. Re2 Bf8 18. Rae1 e6 19. Rb1 Nfd5 20. Bg3 f5 21. Ne1 Kf7
22. Nd3 Nc7 23. Rbe1 Bd5 24. Bc2 Nc4 25. Nxc4 Bxc4 26. Rd2 Nd5 27. Nc1 Nb6 28.
Nd3 g5 29. Bd1 Kg6 30. Nb4 Rac8 31. Bh2 h5 32. Bc2 g4 33. Bf4 Nd5 34. Nxd5 Bxd5
35. Bd3 Bc4 36. hxg4 hxg4 37. f3 gxf3 38. gxf3 Rc7 39. Rg2+ Kf6 40. Bg5+ Kf7 41.
Bc2 Bd5 42. Kf2 Bg7 43. Rh1 Bxd4+ 44. Ke2 Rg8 45. Rh7+ Rg7 46. Rgh2 Be5 47. f4
Rxh7 48. Rxh7+ Bg7 49. Bh6 Kg6 50. Rxg7+ Rxg7 51. Bxg7 Kxg7 52. Bd3 Bc4 53. Ke3
Bxd3 54. Kxd3 e5 55. c4 e4+ 56. Kd4 bxc4 57. Kxc4 Kg6 58. b4 Kh5 59. b5 Kg4 60.
a4 e3 61. a5 e2 0-1

[Event "Titled Tue 3rd Jun Early"]
[Site "chess.com INT"]
[Date "2025.06.03"]
[Round "9"]
[White "Sturt, Raven"]
[Black "Laddha, Shubh Jayesh"]
[Result "1-0"]
[WhiteTitle "GM"]
[BlackTitle "FM"]
[WhiteElo "2459"]
[BlackElo "2303"]
[WhiteFideId "2007304"]
[BlackFideId "30942799"]
[EventDate "2025.06.03"]

1. f4 d5 2. Nf3 Nf6 3. e3 Bf5 4. Nc3 e6 5. d3 h6 6. h3 Be7 7. g4 Bh7 8. Bg2 c5
9. O-O Nc6 10. Qe2 Rc8 11. Nd1 O-O 12. Nf2 b5 13. a4 b4 14. e4 Nd4 15. Nxd4 cxd4
16. e5 Nd7 17. b3 Qc7 18. Ra2 Qc6 19. Nh1 f5 20. Ng3 Bh4 21. Kh2 a5 22. Bd2 Rf7
23. Be1 Rcf8 24. gxf5 Bxg3+ 25. Bxg3 Rxf5 26. h4 Bg6 27. Bh3 Bh5 28. Qd2 R5f7
29. Raa1 Qc3 30. Qxc3 bxc3 31. f5 Nc5 32. fxe6 Rxf1 33. Rxf1 Rxf1 34. Bxf1 Nxe6
35. Bg2 Bd1 36. Bxd5 Kf7 37. b4 axb4 38. Bb3 Ke7 39. Bf2 Nc5 40. Bxd4 Nxb3 41.
cxb3 Bxb3 42. a5 Bc2 43. Bc5+ Ke6 44. Bxb4 Bxd3 45. Bxc3 Ba6 46. Kg3 Kf5 47. Kf3
g6 48. Ke3 Ke6 49. Kd4 g5 50. h5 g4 51. Be1 Kf5 52. Bg3 Bc8 53. Kd5 Bb7+ 54. Kd6
Bc8 55. Kc7 Ba6 56. Kb6 Bd3 57. a6 Kg5 58. a7 Be4 59. Kc7 Kxh5 60. e6 Kg6 61. e7
Kf7 62. Kd8 Bc6 63. a8=Q Bxa8 64. e8=Q+ Kf6 65. Qe5+ Kg6 66. Bh4 Bf3 67. Qf6+
Kh5 68. Bg3 Be4 69. Ke7 1-0

[Event "Titled Tue 3rd Jun Early"]
[Site "chess.com INT"]
[Date "2025.06.03"]
[Round "9"]
[White "Aronian, Levon"]
[Black "So, Wesley"]
[Result "1/2-1/2"]
[WhiteTitle "GM"]
[BlackTitle "GM"]
[WhiteElo "2747"]
[BlackElo "2751"]
[WhiteFideId "13300474"]
[BlackFideId "5202213"]
[EventDate "2025.06.03"]

1. c4 e6 2. Nf3 d5 3. e3 Nf6 4. b3 b6 5. cxd5 exd5 6. Be2 Bb7 7. O-O Nbd7 8. d4
Bd6 9. Ba3 c5 10. Nc3 O-O 11. Nb5 Be7 12. Rc1 Ne4 13. Nc3 Ndf6 14. dxc5 bxc5 15.
Bb2 Rc8 16. Qd3 Bd6 17. Rfd1 Re8 18. Nxe4 Nxe4 19. g3 Qd7 20. Bf1 h5 21. Bg2 Qf5
22. Rc2 Bf8 23. h4 c4 24. bxc4 dxc4 25. Rxc4 Ba6 26. Rxc8 Qxc8 27. Qb3 Be2 28.
Re1 Bc4 29. Qa4 Bd5 30. Rd1 Bc6 31. Qc4 Nd6 32. Qf4 Qb7 33. Ba3 Re4 34. Qg5 Rg4
35. Qxh5 Bxf3 36. Rxd6 Bxd6 37. Bxd6 Bxg2 38. Qxg4 Bf3 39. Qb4 Qd5 40. Qb8+ Kh7
41. Qb1+ Be4 42. Qe1 Qxd6 43. Qe2 Qd5 44. a3 Bf3 45. Qc2+ g6 46. Kf1 Qd1+ 47.
Qxd1 Bxd1 48. Ke1 Ba4 49. Kd2 Kg7 50. f3 Kf6 51. e4 Ke5 52. Ke3 Bd1 53. g4 f6
54. h5 gxh5 55. gxh5 Bb3 56. f4+ Ke6 57. Kd4 Kf7 58. f5 Bd1 59. h6 Bc2 60. e5
Bxf5 61. exf6 Kxf6 62. Kc3 Kg6 63. Kb2 Kxh6 64. Ka1 Kg6 65. a4 Bd7 66. a5 Be6
67. a6 Bd7 68. Kb2 Bc8 69. Ka1 Bxa6 70. Kb2 Bc8 71. Ka1 a5 72. Kb2 a4 73. Ka1 a3
74. Ka2 Bd7 75. Kxa3 1/2-1/2

[Event "Titled Tue 3rd Jun Early"]
[Site "chess.com INT"]
[Date "2025.06.03"]
[Round "9"]
[White "Rustamov, Rustam"]
[Black "Tulendinov, Dinmukhammed"]
[Result "1-0"]
[WhiteTitle "FM"]
[BlackTitle "FM"]
[WhiteElo "2323"]
[BlackElo "2124"]
[WhiteFideId "13440110"]
[BlackFideId "13730860"]
[EventDate "2025.06.03"]

1. e4 c5 2. Nf3 e6 3. d4 cxd4 4. Nxd4 Nc6 5. Nc3 Qc7 6. g3 Nf6 7. Bf4 Qb6 8.
Ndb5 Bc5 9. Qd2 e5 10. Bg5 Nd4 11. Nxd4 Bxd4 12. Na4 Bxf2+ 13. Kd1 Qc6 14. Bxf6
Qxf6 15. Be2 Qc6 16. Nc3 Bd4 17. Nd5 Bxb2 18. Rb1 Ba3 19. Rf1 O-O 20. Rb3 Bd6
21. Rf6 Kh8 22. Rc3 Qa4 23. Rxd6 Qxe4 24. Bf3 Qa4 25. a3 Qb5 26. Ne3 Rb8 27. Be2
Qa5 28. Rb3 Qc7 29. Rc3 Qd8 30. Qd5 Re8 31. Qxf7 Rf8 32. Qd5 Qe7 33. Rd3 b6 34.
Kd2 Qe8 35. a4 Bb7 36. Qc4 Bc6 37. Qh4 Rc8 38. Qb4 Qe7 39. Bg4 Rfd8 40. Kc1 Qf8
41. Qb3 e4 42. Rd2 h6 43. Kb2 Qe7 44. Nf5 Qe5+ 45. Qc3 Qxc3+ 46. Kxc3 Bxa4+ 47.
Kb2 Rc5 48. Ne3 Rdc8 49. Bxd7 Bxd7 50. Rxd7 a5 51. Rb7 Rb5+ 52. Kc1 a4 53. Rdd7
Rg8 54. Ra7 Rb4 55. Nf5 e3 56. Nxe3 Re4 57. Nf5 b5 58. Nxg7 b4 59. Nh5 Re1+ 60.
Kd2 1-0

[Event "Titled Tue 3rd Jun Early"]
[Site "chess.com INT"]
[Date "2025.06.03"]
[Round "9"]
[White "Jahnz, Laurin"]
[Black "Neustroev, Victor"]
[Result "1-0"]
[WhiteTitle "CM"]
[BlackTitle "FM"]
[WhiteElo "2233"]
[BlackElo "2283"]
[WhiteFideId "16261089"]
[BlackFideId "4144147"]
[EventDate "2025.06.03"]

1. e4 c5 2. Nf3 e6 3. g3 a6 4. Bg2 Qc7 5. O-O Nf6 6. Re1 Nc6 7. c3 Be7 8. d4 d5
9. exd5 Nxd5 10. dxc5 O-O 11. b4 Bf6 12. Qb3 Ndxb4 13. Bf4 Qd8 14. Bd6 Re8 15.
Nbd2 Nd5 16. Ne4 Be7 17. Bxe7 Qxe7 18. Nd6 Rd8 19. Rab1 Qc7 20. Nxc8 Raxc8 21.
Qxb7 Nxc3 22. Qxc7 Rxc7 23. Rb6 a5 24. h4 h6 25. Ra6 Nxa2 26. Ne5 Nxe5 27. Rxe5
Rd1+ 28. Kh2 Rd2 29. Be4 g6 30. Kg2 Nb4 31. Rxa5 Kg7 32. Rb5 Kf6 33. Rxe6+ fxe6
34. Rxb4 Rxc5 35. Rb8 Rc4 36. Bb1 Rc1 37. Be4 Re2 38. Bd3 Rd2 39. Be4 g5 40. h5
Ke5 41. Bg6 g4 42. Rf8 Rdd1 43. f3 Rg1+ 44. Kf2 Rcf1+ 45. Ke3 Re1+ 46. Kd2 Rd1+
47. Kc2 Rdf1 48. f4+ Kd4 49. Rd8+ Ke3 50. Re8 Rf2+ 51. Kc3 Rc1+ 52. Kb4 Rb2+ 53.
Ka3 Rb7 54. Rxe6+ Kf3 55. Ka2 Ra7+ 56. Kb2 Rc8 57. Be4+ Kxg3 58. Rxh6 1-0

[Event "Titled Tue 3rd Jun Early"]
[Site "chess.com INT"]
[Date "2025.06.03"]
[Round "9"]
[White "Brozynski, Patryk"]
[Black "Arslanov, Shamil"]
[Result "1/2-1/2"]
[WhiteTitle "CM"]
[BlackTitle "IM"]
[WhiteElo "2219"]
[BlackElo "2410"]
[WhiteFideId "2512700"]
[BlackFideId "4192826"]
[EventDate "2025.06.03"]

1. Nf3 d6 2. d4 e5 3. dxe5 Bg4 4. Bf4 Nc6 5. exd6 Qf6 6. g3 Bxd6 7. Bxd6 O-O-O
8. Bg2 Rxd6 9. Qc1 Bxf3 10. Bxf3 Nd4 11. Bg4+ Kb8 12. c3 h5 13. Bh3 Nxe2 14.
Kxe2 Nh6 15. Rd1 Ng4 16. Bxg4 Rxd1 17. Kxd1 hxg4 18. Qe3 a6 19. Nd2 Rxh2 20. Ne4
Qe5 21. Ke2 Qb5+ 22. Qd3 Qxb2+ 23. Ke3 Qxa1 24. Qd8+ Ka7 25. Qd4+ b6 26. Qc4
Qe1+ 27. Kf4 Rxf2+ 28. Nxf2 Qxf2+ 29. Kxg4 Kb8 30. a4 Qf6 31. Qxa6 Qxc3 32. Kh3
Qf6 33. Qb5 Qe6+ 34. Kh2 Kb7 35. Qb4 Qd6 36. Qb5 Qc6 37. Qb3 Qd7 38. a5 Qe6 39.
Qb4 Ka7 40. axb6+ cxb6 41. Qa3+ Kb7 42. Qf3+ Ka6 43. Qa3+ Kb5 44. Qb2+ Kc5 45.
Qa3+ Kc6 46. Qa4+ Kc7 47. Qa7+ Kd6 48. Qxb6+ Ke7 49. Qc7+ Kf6 50. Qf4+ Kg6 51.
Qd2 Qe5 52. Qd3+ f5 53. Qa6+ Kg5 54. Qa2 f4 55. Qd2 Kg4 56. Qd1+ Kg5 57. Qd2 Qe3
58. gxf4+ Kxf4 59. Qxe3+ Kxe3 60. Kg3 Ke4 61. Kg4 Ke5 62. Kg5 Ke6 63. Kg6 Ke5
64. Kxg7 1/2-1/2

[Event "Titled Tue 3rd Jun Early"]
[Site "chess.com INT"]
[Date "2025.06.03"]
[Round "9"]
[White "Molina, Roberto Junio Brito"]
[Black "Hungaski, Robert"]
[Result "0-1"]
[WhiteTitle "IM"]
[BlackTitle "GM"]
[WhiteElo "2381"]
[BlackElo "2477"]
[WhiteFideId "2109450"]
[BlackFideId "2021030"]
[EventDate "2025.06.03"]

1. d4 g6 2. e4 Nf6 3. Nc3 d5 4. e5 Ne4 5. Nxe4 dxe4 6. Be3 Bg7 7. f4 h5 8. Qd2
c6 9. Bc4 Bf5 10. Ne2 e6 11. O-O-O Nd7 12. Bb3 a5 13. c4 a4 14. Bc2 a3 15. b3 b5
16. c5 Nb8 17. Nc3 Na6 18. Nxe4 Bxe4 19. Bxe4 Qd7 20. g3 Nc7 21. Qg2 Ra6 22. h3
b4 23. Bd3 Ra8 24. Be4 Ra6 25. g4 Nb5 26. Rd2 Nc3 27. Bf3 h4 28. Rd3 Bf8 29.
Rxc3 bxc3 30. Kc2 Be7 31. Rf1 O-O 32. f5 Rd8 33. fxg6 fxg6 34. Be4 Rf8 35. Rxf8+
Bxf8 36. Bxg6 Qg7 37. Be4 Bxc5 38. dxc5 Qxe5 39. Qf3 Qh2+ 40. Bf2 Ra7 41. Bg6
Rg7 42. Bh5 Qe5 43. b4 Rd7 44. Qxc3 Qe4+ 45. Kc1 Rd3 46. Qe1 Qc4+ 47. Kb1 Qd5
48. Kc2 Qc4+ 49. Kb1 Rb3+ 50. axb3 Qxb3+ 51. Kc1 Qb2+ 52. Kd1 Qb3+ 53. Kd2 a2
54. Qe5 Qxb4+ 55. Ke2 Qc4+ 56. Kf3 Qd3+ 57. Be3 Qf1+ 58. Ke4 Qg2+ 59. Kd4 Qd5+
60. Qxd5 exd5 61. Ke5 a1=Q+ 62. Kd6 Qh1 63. Bg5 d4 64. Bg6 Qd5+ 65. Kc7 Qxg5 0-1

[Event "Titled Tue 3rd Jun Early"]
[Site "chess.com INT"]
[Date "2025.06.03"]
[Round "9"]
[White "Ter-Sahakyan, Samvel"]
[Black "Odegov, Artem"]
[Result "1/2-1/2"]
[WhiteTitle "GM"]
[BlackTitle "FM"]
[WhiteElo "2611"]
[BlackElo "2244"]
[WhiteFideId "13302531"]
[BlackFideId "34183644"]
[EventDate "2025.06.03"]

1. e4 e5 2. Nf3 Nf6 3. Nxe5 d6 4. Nf3 Nxe4 5. d4 d5 6. Bd3 Be7 7. O-O Bf5 8. c4
Nc6 9. Nc3 Nxc3 10. bxc3 Bxd3 11. Qxd3 O-O 12. cxd5 Qxd5 13. Bf4 Qd7 14. Rfe1
Rae8 15. h3 h6 16. d5 Nb8 17. Ne5 Qc8 18. Qg3 Kh7 19. Nd3 Na6 20. Be5 Rg8 21.
Qf3 Rgf8 22. Re4 Nc5 23. Nxc5 Bxc5 24. Rae1 f5 25. R4e2 Qd7 26. Qd3 Rf7 27. Kh1
Rfe7 28. f4 Kg8 29. Rd1 Bd6 30. Rde1 a6 31. Qd4 b6 32. c4 Bb4 33. Rd1 Bc5 34.
Qc3 a5 35. Rd3 Bd6 36. Rde3 Bb4 37. Qb2 Bd6 38. Rg3 Kh7 39. Qd4 g5 40. Rge3 gxf4
41. Qxf4 Rxe5 42. Rxe5 Rxe5 43. Rxe5 Bxe5 44. Qxe5 Kg6 45. Qg3+ Kf6 46. Qc3+ Kg6
47. Qh8 Qe7 48. Qg8+ Kh5 49. Qg3 Qd6 50. Qg7 Qf4 51. Qf7+ Kh4 52. Qg7 Kh5 53.
Qf7+ Kh4 54. Qg6 h5 55. Qg7 a4 56. Qg6 Qg5 57. Qc6 Qc1+ 58. Kh2 Qf4+ 59. Kg1
Qe3+ 60. Kh2 Qf4+ 61. Kh1 Qc1+ 62. Kh2 Qf4+ 1/2-1/2

[Event "Titled Tue 3rd Jun Early"]
[Site "chess.com INT"]
[Date "2025.06.03"]
[Round "9"]
[White "Levano Loayza, Adriano Jaffet"]
[Black "Omariev, Maksim"]
[Result "0-1"]
[WhiteTitle "CM"]
[BlackTitle "FM"]
[WhiteElo "2049"]
[BlackElo "2304"]
[WhiteFideId "3865584"]
[BlackFideId "4193423"]
[EventDate "2025.06.03"]

1. d4 d5 2. c4 e6 3. Nf3 Nf6 4. g3 Be7 5. Bg2 O-O 6. O-O dxc4 7. Qa4 a6 8. Qxc4
b5 9. Qc2 Bb7 10. Nc3 Nbd7 11. Rd1 Qc8 12. Bf4 c5 13. dxc5 Qxc5 14. Rac1 Rac8
15. Be3 Qh5 16. Qd2 Rfd8 17. h3 Ne5 18. Qe1 Bxf3 19. exf3 Nxf3+ 20. Bxf3 Qxf3
21. Rxd8+ Rxd8 22. Ne2 Bd6 23. Nd4 Qh5 24. Qf1 h6 25. Nc6 Re8 26. Qg2 Nd5 27.
Ba7 Rc8 28. Qf1 Qf3 29. Nd4 Rxc1 30. Nxf3 Rxf1+ 31. Kxf1 Kf8 32. Ke2 Ke7 33. a3
Kd7 34. Kd3 f5 35. Bd4 g5 36. Bg7 g4 37. hxg4 fxg4 38. Nd2 h5 39. Ne4 Be7 40.
Be5 Nb6 41. Bh8 Nd5 42. Be5 Ke8 43. Kd4 Kf7 44. Nc5 Bxc5+ 45. Kxc5 Kg6 46. Kc6
Kf5 47. Bb8 Ke4 48. Kb7 a5 49. Ka6 b4 50. Kxa5 bxa3 51. bxa3 Kf3 52. Ba7 e5 53.
Kb5 e4 54. a4 e3 55. fxe3 Nc3+ 56. Kb4 Nxa4 57. Kxa4 Kxg3 58. Kb3 Kf3 59. Kc3 g3
60. Kd3 h4 61. e4 h3 62. e5 h2 63. Bg1 hxg1=Q 64. e6 Qd1+ 0-1